000 00303nam a2200133Ia 4500
008 200103s9999||||xx |||||||||||||| ||und||
040 _aIMU-MPC
082 _aColumn-50
100 _aKuznetsov, A.
245 0 _aElectron Devices
260 _bMir Publishers, Moscow
_c1980
300 _a424
942 _cBK
999 _c9834
_d9834